Convivir con la incertidumbre (Registro nro. 4130)
[ vista simple ]
| 000 -LEADER | |
|---|---|
| fixed length control field | 01591 a2200361 4500 |
| 001 - CONTROL NUMBER | |
| control field | 46049 |
| 005 - DATE AND TIME OF LATEST TRANSACTION | |
| control field | 20260407155733.0 |
| 008 - FIXED-LENGTH DATA ELEMENTS--GENERAL INFORMATION | |
| fixed length control field | 260407a2010 arg spa d |
| 003 - CONTROL NUMBER IDENTIFIER | |
| control field | AR-UNSa-BCEJYS |
| 040 ## - CATALOGING SOURCE | |
| Original cataloging agency | AR-UNSa-BCEJYS |
| Language of cataloging | spa |
| Transcribing agency | AR-UNSa-BCEJYS |
| 080 ## - UNIVERSAL DECIMAL CLASSIFICATION NUMBER | |
| Universal Decimal Classification number | 331.101 |
| Common auxiliary subdivision | Cuestiones laborales de carácter general. Teoría del trabajo. Ciencia del trabajo |
| 020 ## - INTERNATIONAL STANDARD BOOK NUMBER | |
| International Standard Book Number | 978-987-1599-40-0 |
| 100 1# - MAIN ENTRY--PERSONAL NAME | |
| Personal name | Bisio, Raúl H. |
| 245 10 - TITLE STATEMENT | |
| Title | Convivir con la incertidumbre |
| Name of part/section of a work | aproximaciones a la flexibilización y precarización del trabajo en la Argentina |
| 264 #1 - PRODUCTION, PUBLICATION, DISTRIBUTION, MANUFACTURE, AND COPYRIGHT NOTICE | |
| Place of production, publication, distribution, manufacture | Buenos Aires : |
| Name of producer, publisher, distributor, manufacturer | Ediciones CICCUS |
| Date of production, publication, distribution, manufacture, or copyright notice | 2010 |
| 300 ## - PHYSICAL DESCRIPTION | |
| Extent | 254 p. |
| Dimensions | 23 cm. |
| 505 ## - FORMATTED CONTENTS NOTE | |
| Formatted contents note | 1. Modelos socioeconómicos, organización del trabajo y relaciones laborales - Organización del trabajo y precarización de las relaciones laborales en distintos contextos históricos y empresariales - Formas de subcontratación y de flexibilización laboral, heterogeneidades económicas y sectoriales - Líneas de discusión sobre informalidad y precariedad - |
| 590 ## - LOCAL NOTE (RLIN) | |
| Local note | niveau_biblio:m niveau_hierar:0 |
| 700 1# - ADDED ENTRY--PERSONAL NAME | |
| Personal name | Quaranta, Germán |
| 700 1# - ADDED ENTRY--PERSONAL NAME | |
| Personal name | Del Bono, Andrea |
| 700 1# - ADDED ENTRY--PERSONAL NAME | |
| Personal name | Bouffartigue, Paul |
| 700 1# - ADDED ENTRY--PERSONAL NAME | |
| Personal name | Boulgourdjian, Nélida |
| 700 1# - ADDED ENTRY--PERSONAL NAME | |
| Personal name | Bulloni Yaquinta, María Noel |
| 700 1# - ADDED ENTRY--PERSONAL NAME | |
| Personal name | Busso, Mariana |
| 700 1# - ADDED ENTRY--PERSONAL NAME | |
| Personal name | Fabio, Francisco |
| 700 1# - ADDED ENTRY--PERSONAL NAME | |
| Personal name | Henry, Laura |
| 700 1# - ADDED ENTRY--PERSONAL NAME | |
| Personal name | Neffa, Julio César |
| 700 1# - ADDED ENTRY--PERSONAL NAME | |
| Personal name | Neiman, Melina |
| 700 1# - ADDED ENTRY--PERSONAL NAME | |
| Personal name | Novick, Marta |
| 700 1# - ADDED ENTRY--PERSONAL NAME | |
| Personal name | Ynoub, Emanuel |
| 856 41 - ELECTRONIC LOCATION AND ACCESS | |
| Uniform Resource Identifier | <a href="https://www.biblioeco.unsa.edu.ar/pmb/images/libros/L127298.jpg">https://www.biblioeco.unsa.edu.ar/pmb/images/libros/L127298.jpg</a> |
| Link text | Imagen de portada |
| Electronic format type | image/jpeg |
| 942 ## - ADDED ENTRY ELEMENTS (KOHA) | |
| Koha item type | |
| Withdrawn status | Lost status | Damaged status | Not for loan | Home library | Current library | Shelving location | Date acquired | Total checkouts | Full call number | Barcode | Date last seen | Price effective from | Koha item type |
|---|---|---|---|---|---|---|---|---|---|---|---|---|---|
| Biblioteca Prof. Eusebio Cleto del Rey | Biblioteca Prof. Eusebio Cleto del Rey | 07/04/2026 | 331.101 D331 | L127298 | 07/04/2026 | 07/04/2026 | Libro |